| 000 | 00550nam a2200193 a 4500 | ||
|---|---|---|---|
| 001 | 3452 | ||
| 003 | CO-ViMGA | ||
| 008 | 141112s2004 ck r 000 u spa d | ||
| 040 |
_aCO-ViMGA _bspa _cCO-ViMGA |
||
| 082 | 0 | 4 | _a636.0896 S215 |
| 100 | 1 |
_aScanlan, Charles M. _953210 |
|
| 245 | 1 | 0 | _aIntroducción a la bacteriología veterianaria |
| 260 |
_aZaragoza : _bAcribia, _c1991 |
||
| 300 | _a555 p | ||
| 490 | _aMicrobiología y patología infeccionsa | ||
| 650 | 1 | 4 | _aBACTERIOLOGIA |
| 650 | 1 | 4 |
_aVETERINARIA - BACTERIOLOGIA _953212 |
| 942 |
_2ddc _cBK |
||
| 999 |
_c15500 _d15500 |
||